Normal view
MARC view
- Watson, Gavin,
Entry Personal Name
001 - CONTROL NUMBER
- control field: 38987
003 - CONTROL NUMBER IDENTIFIER
- control field: OSt
005 - DATE AND TIME OF LATEST TRANSACTION
- control field: 20160110112827.0
008 - FIXED-LENGTH DATA ELEMENTS
- fixed length control field: 160110|| aca||aabn | a|a d
040 ## - CATALOGING SOURCE
- Original cataloging agency: OSt
100 1# - HEADING--PERSONAL NAME
- Personal name: Watson, Gavin,
- Dates associated with a name: 1982-